| 000 | 00658nam a22001577a 4500 | ||
|---|---|---|---|
| 003 | OSt | ||
| 005 | 20150919110745.0 | ||
| 008 | 150919b xxu||||| |||| 00| 0 eng d | ||
| 040 | _cRUA | ||
| 082 | _aAGR CHE 2006 BO33 Or.1 | ||
| 100 |
_9856 _aCHEA, HOKLY |
||
| 245 | _aEffect of different media (PDA,CMMM,pdarbs and pdase) ti the growth straw mushroom,(ឥទកធពលនៃមមេដ្យូមមខុសគ្នា (ប៉េដេ អា សេអឹមម ប៉េដេអាអ៊ែប៊ីអែស និង ប៉េដេអាអេសអឺ). | ||
| 260 |
_aphnomm phen _bRUA _c2006 |
||
| 300 |
_aXII,39p. _bill. _c29cm. |
||
| 942 |
_2ddc _cAGR |
||
| 999 |
_c825 _d825 |
||